000 00797nam a22002297a 4500
005 20240530110909.0
008 220308s2005 ua g 000 0 ara d
017 _a2005/10918
_bمصر. دار الكتب
020 _a9772085356
040 _aEG-CaGPL
_cEG-CaGPL
082 0 4 _221
_a320.9/
_bم ز
100 0 _aمحمد احمد العشملى
245 1 2 _aالزحف الى الجحيم :
_b1940 - 2005 : حرب الكل ضد الجميع /
_cمحمد احمد العشملى
250 _aط.1
260 _aالقاهرة :
_bمكتبة مدبولى،
_c2006
300 _a381 ص. ؛
_c24 سم.
650 0 7 _2qrmak
_aالاجتماع، علم
650 0 7 _2qrmak
_aالقومية العربية
651 _2qrmak
942 _2ddc
_cBK
999 _c66271
_d66271